000 00920nam a2200181Ia 4500
008 100920s9999 xx 000 0 und d
082 _b59918
_a930 थ 92
100 _aमंगळवेढेकर राजा.
245 _aअखेरची झंुज ( 1942 च्या भारतीय स्वातंत्र्यलढ्याचा इतिहास ).
260 _bपारगावकर अरूण , पुणे.
_c1992
300 _a299
_bसाधी
365 _b125
520 _aइतिहास.
630 _aअखेरची झंुज ( 1942 च्या भारतीय स्वातंत्र्यलढ्याचा इतिहास ).
650 _aइतिहास.
730 _aअखेरची झंुज ( 1942 च्या भारतीय स्वातंत्र्यलढ्याचा इतिहास ).
942 _cBOOK
999 _c703263
_d703260